Central Library OPAC University of Rajshahi

আরজ আলী মাতুব্বর [১৩০৭-১৩৯২] / (Record no. 41337)

MARC details
000 -LEADER
fixed length control field 00989nam a2200253 a 4500
001 - CONTROL NUMBER
control field 41337
003 - CONTROL NUMBER IDENTIFIER
rucl marc code BD-RjUL
005 - DATE AND TIME OF LATEST TRANSACTION
control field 20211209053352.0
008 - FIXED-LENGTH DATA ELEMENTS--GENERAL INFORMATION
fixed length control field 160529r19991993bg ||||| |||| 00| 0 ben d
020 ## - INTERNATIONAL STANDARD BOOK NUMBER
International Standard Book Number 9840738860
Terms of availability : Tk.60.00
035 ## - SYSTEM CONTROL NUMBER
System control number (BD-RjUL)41454
040 ## - CATALOGING SOURCE
Original cataloging agency BD-RjUL
Language of cataloging ben
Transcribing agency BD-RjUL
041 ## - LANGUAGE CODE
Language code of text/sound track or separate title ben
082 ## - DEWEY DECIMAL CLASSIFICATION NUMBER
Edition number 23
Classification number 891.44092
Author mark and year HOA 1999
100 ## - MAIN ENTRY--PERSONAL NAME
Personal name হোসেন, আইয়ুব
9 (RLIN) 127121
245 10 - TITLE STATEMENT
Title আরজ আলী মাতুব্বর [১৩০৭-১৩৯২] /
Statement of responsibility, etc. আইয়ুব হোসেন
260 ## - PUBLICATION, DISTRIBUTION, ETC. (IMPRINT)
Place of publication, distribution, etc. ঢাকা :
Name of publisher, distributor, etc. বাংলা একাডেমী,
Date of publication, distribution, etc. ১৯৯৯
300 ## - PHYSICAL DESCRIPTION
Pagination ৮৮ পৃ. :
Illustrations চিত্র ;
Size ২২ সেমি.
500 ## - GENERAL NOTE
General note তথ্য সূত্র
600 ## - SUBJECT ADDED ENTRY--PERSONAL NAME
Personal name আরজ আলী মাতুব্বর
Dates associated with a name [১৩০৭-১৩৯২]
650 ## - SUBJECT ADDED ENTRY--TOPICAL TERM
Topical term or geographic name as entry element বাংলা সাহিত্য
General subdivision জীবনী
9 (RLIN) 120100
Topical term or geographic name as entry element Bengali literature
General subdivision Biography
9 (RLIN) 123370
942 ## - ADDED ENTRY ELEMENTS (KOHA)
Source of classification or shelving scheme Dewey Decimal Classification
Koha item type Books
Holdings
Lost status Source of classification or shelving scheme Damaged status Not for loan Collection code Permanent Location Current Location Shelving location Date acquired Source of acquisition Cost, normal purchase price Total Checkouts Full call number Date last seen Date checked out Copy number Koha item type
  Dewey Decimal Classification     Non-fiction Central Library, University of Rajshahi Central Library, University of Rajshahi   29/07/2012 Bangla Academy, Dhaka. 60.00 3 B 891.44092 HOA 1999 29/09/2019 15/09/2019 C-2 Books
  Dewey Decimal Classification   Not For Loan Non-fiction Central Library, University of Rajshahi Central Library, University of Rajshahi Reading Room 29/07/2012 Bangla Academy , Dhaka 60.00   B 891.44092 HOA 1999 12/03/2017   C-1 Books